[Event "Unterfranken-ch M2 59th"]
[Site "Rieneck"]
[Date "2008.03.24"]
[Round "1"]
[White "Ersoez, Can Hakki"]
[Black "Schwarzenbrunner, Klaus"]
[Result "1-0"]
[WhiteElo "1869"]
[BlackElo "1791"]
[PlyCount "51"]
[EventDate "2008.03.24"]
[EventType "swiss"]
[EventRounds "9"]
[EventCountry "GER"]
[SourceTitle "EXT 2015"]
[Source "ChessBase"]
[SourceDate "2014.11.20"]
[SourceVersion "1"]
[SourceVersionDate "2014.11.20"]
[SourceQuality "1"]

1. e4 b6 2. d4 Bb7 3. Bd3 e6 4. Nf3 Nf6 5. Qe2 d6 6. Nbd2 Be7 7. Nf1 c5 8. c3 cxd4 9. Nxd4 Nbd7 10. Ng3 Rc8 11. f4 Nc5 12. Bb5+ Kf8 13. e5 Nd5 14. 0-0 Nc7 15. f5 dxe5 16. Nxe6+ N5xe6 17. fxe6 Nxb5 18. Rxf7+ Kg8 19. Nf5 Bf6 20. Rxb7 Rc7 21. Rxc7 Nxc7 22. Be3 Nxe6 23. Rd1 Qc7 24. Qb5 h6 25. Rd7 a6 26. Qd5 1-0

[Event "Unterfranken-ch HB 56th"]
[Site "Stetten"]
[Date "2005.03.31"]
[Round "7"]
[White "Schwarzenbrunner, Klaus"]
[Black "Hobert, Markus"]
[Result "1-0"]
[WhiteElo "1828"]
[BlackElo "1649"]
[PlyCount "77"]
[EventDate "2005.03.28"]
[EventType "swiss"]
[EventRounds "9"]
[EventCountry "GER"]
[SourceTitle "EXT 2015"]
[Source "ChessBase"]
[SourceDate "2014.11.20"]
[SourceVersion "1"]
[SourceVersionDate "2014.11.20"]
[SourceQuality "1"]

1. d4 d5 2. c4 c6 3. Nf3 Nf6 4. cxd5 cxd5 5. Nc3 Bg4 6. Ne5 Bf5 7. Qa4+ Nbd7 8. Bg5 a6 9. e3 b5 10. Qb3 Nb6 11. Rc1 e6 12. Nxb5 Nc4 13. Nc3 Be7 14. Qa4+ Nd7 15. Nxc4 Bxg5 16. Nd6+ Kf8 17. Nxf5 exf5 18. Nxd5 Nb6 19. Nxb6 Qxb6 20. Bd3 Qh6 21. Qc6 Qxc6 22. Rxc6 f4 23. exf4 Bxf4 24. Rxa6 Rb8 25. b3 Ke7 26. Bc4 Rhe8 27. Kd1 Kf8 28. Re1 Rxe1+ 29. Kxe1 Re8+ 30. Kd1 Bxh2 31. Ra7 Re7 32. Rxe7 Kxe7 33. g3 f5 34. Ke2 f4 35. Kf3 fxg3 36. Kg2 g5 37. fxg3 Bxg3 38. Kxg3 h5 39. a4 1-0

[Event "Unterfranken-ch HB 53th"]
[Site "Wuerzburg"]
[Date "2002.??.??"]
[Round "8"]
[White "Schwarzenbrunner, Klaus"]
[Black "Susallek, Markus"]
[Result "0-1"]
[WhiteElo "1806"]
[BlackElo "1835"]
[PlyCount "33"]
[EventDate "2002.04.01"]
[EventType "swiss"]
[EventRounds "9"]
[EventCountry "GER"]
[SourceTitle "EXT 2015"]
[Source "ChessBase"]
[SourceDate "2014.11.20"]
[SourceVersion "1"]
[SourceVersionDate "2014.11.20"]
[SourceQuality "1"]

1. d4 Nf6 2. c4 g6 3. Nc3 d5 4. cxd5 Nxd5 5. e4 Nxc3 6. bxc3 Bg7 7. Bd3 c5 8. Be3 Nc6 9. Ne2 0-0 10. Bc2 Qa5 11. 0-0 Rd8 12. d5 e6 13. Qe1 exd5 14. exd5 Rxd5 15. c4 Re5 16. Bd2 Qa3 17. Bg5 0-1

[Event "Unterfranken-ch M2 48th"]
[Site "Bergrheinfeld"]
[Date "1997.??.??"]
[Round "8"]
[White "Reitz, Helmut"]
[Black "Schwarzenbrunner, Klaus"]
[Result "1/2-1/2"]
[WhiteElo "1794"]
[BlackElo "1816"]
[PlyCount "24"]
[EventDate "1997.03.31"]
[EventType "swiss"]
[EventRounds "9"]
[EventCountry "GER"]
[SourceTitle "EXT 2015"]
[Source "ChessBase"]
[SourceDate "2014.11.20"]
[SourceVersion "1"]
[SourceVersionDate "2014.11.20"]
[SourceQuality "1"]

1. d4 d5 2. c4 e6 3. Nc3 Nf6 4. Bg5 Be7 5. e3 0-0 6. Nf3 Nbd7 7. Qc2 c6 8. 0-0-0 h6 9. cxd5 cxd5 10. Bh4 Nb6 11. Rg1 Bd7 12. g4 Rc8 1/2-1/2

[Event "Unterfranken-ch H1 46th"]
[Site "Karlburg"]
[Date "1995.??.??"]
[Round "?"]
[White "Biskopp, Wolf Ulrich"]
[Black "Schwarzenbrunner, Klaus"]
[Result "0-1"]
[WhiteElo "1599"]
[BlackElo "1841"]
[PlyCount "38"]
[EventDate "1995.04.17"]
[EventType "swiss"]
[EventRounds "9"]
[EventCountry "GER"]
[SourceTitle "EXT 2015"]
[Source "ChessBase"]
[SourceDate "2014.11.20"]
[SourceVersion "1"]
[SourceVersionDate "2014.11.20"]
[SourceQuality "1"]

1. d4 d5 2. Nf3 Nf6 3. c4 e6 4. Nc3 Be7 5. Bg5 c6 6. e3 0-0 7. Rc1 h6 8. Bh4 Nbd7 9. Bd3 dxc4 10. Bxc4 b5 11. Bd3 a6 12. 0-0 c5 13. Qc2 Bb7 14. Be4 Nxe4 15. Nxe4 Bxh4 16. dxc5 Bc6 17. Rfd1 Bf6 18. Rd6 Qe7 19. Rcd1 Bxe4 0-1

[Event "Unterfranken-ch H1 46th"]
[Site "Karlburg"]
[Date "1995.??.??"]
[Round "?"]
[White "Fresow, Reinhard"]
[Black "Schwarzenbrunner, Klaus"]
[Result "1/2-1/2"]
[WhiteElo "1674"]
[BlackElo "1841"]
[PlyCount "51"]
[EventDate "1995.04.17"]
[EventType "swiss"]
[EventRounds "9"]
[EventCountry "GER"]
[SourceTitle "EXT 2015"]
[Source "ChessBase"]
[SourceDate "2014.11.20"]
[SourceVersion "1"]
[SourceVersionDate "2014.11.20"]
[SourceQuality "1"]

1. e4 c6 2. d4 d5 3. exd5 cxd5 4. c4 dxc4 5. Bxc4 e6 6. Nf3 Nf6 7. 0-0 Be7 8. Nc3 0-0 9. Re1 Nbd7 10. Be3 Nb6 11. Bd3 Nbd5 12. Nxd5 Nxd5 13. a3 b6 14. Rc1 Bb7 15. Bb5 Rc8 16. Qd3 Nf6 17. Ne5 Rxc1 18. Rxc1 Qa8 19. Bc6 Bd6 20. Bxb7 Qxb7 21. Qc4 Qd5 22. Qxd5 Nxd5 23. Nf3 Ne7 24. Ng5 Rc8 25. Rxc8+ Nxc8 26. Ne4 1/2-1/2

[Event "Unterfranken-ch M2 44th"]
[Site "Rieneck"]
[Date "1993.??.??"]
[Round "1"]
[White "Stockmann, Rainer"]
[Black "Schwarzenbrunner, Klaus"]
[Result "1/2-1/2"]
[WhiteElo "1930"]
[BlackElo "1723"]
[PlyCount "46"]
[EventDate "1993.04.12"]
[EventType "swiss"]
[EventRounds "9"]
[EventCountry "GER"]
[SourceTitle "EXT 2015"]
[Source "ChessBase"]
[SourceDate "2014.11.20"]
[SourceVersion "1"]
[SourceVersionDate "2014.11.20"]
[SourceQuality "1"]

1. d4 Nf6 2. Nf3 d5 3. e3 e6 4. Bd3 c5 5. c3 Be7 6. 0-0 Nbd7 7. Nbd2 b6 8. Ne5 Bb7 9. f4 0-0 10. Qf3 Ne8 11. g4 f5 12. Qh3 Nd6 13. Nxd7 Qxd7 14. Nf3 Ne4 15. Ne5 Qe8 16. Bxe4 dxe4 17. Bd2 Bd6 18. Rf2 Rc8 19. gxf5 exf5 20. Be1 Qe6 21. Rd2 Rc7 22. Bh4 cxd4 23. exd4 Qd5 1/2-1/2